| 000 | 00412cam a2200169ua 4500 | ||
|---|---|---|---|
| 020 | _cRs. 1.50 | ||
| 041 |
_amal _h |
||
| 082 |
_a894.8122 _bPAD/VI |
||
| 100 | _aPadmanabapillai, Kainikara . | ||
| 245 | _aVidhimandapam | ||
| 260 |
_aKottayam : _bSahitya Pravarthaka Co-operative Society , _c1955. |
||
| 300 | _a164 ; . | ||
| 365 | _aRs. 1.50 | ||
| 504 | _a | ||
| 942 | _cBK | ||
| 999 |
_c4482 _d4482 |
||